Tom Aspinall - UFC Opponents - Statistics

General Stats
  • This quiz has been taken 44 times
    10 since last reset
  • The average score is 8 of 10
Answer Stats
Date W/L/D Opponent % Correct
27/07/24 WIN - KO - R1 [IC] Curtis Blaydes
100%
23/07/22 LOSS - INJ - R1 Curtis Blaydes
100%
25/10/25 NC - R1 [C] Cyril Gane
100%
11/11/23 WIN - KO - R1 [IC] Sergei Pavlovich
100%
19/03/22 WIN - SUB - R1 Alexander Volkov
89%
20/02/21 WIN - SUB - R2 Andrei Arlovski
89%
22/07/23 WIN - KO - R1 Marcin Tybura
78%
04/09/21 WIN - KO - R1 Serghei Spivac
67%
25/07/20 WIN - TKO - R1 Jake Collier
33%
10/10/20 WIN - TKO - R1 Alan Baudot
22%
No matching quizzes found
Score Distribution
Percent of People with Each Score
Percentile by Number Answered
Your Score History
You have not taken this quiz since the last reset